|
|
|
|
| LEADER |
01031nam a22002652a 4500 |
| 001 |
000302183 |
| 003 |
CZ BrMZK |
| 005 |
20140402083710.0 |
| 007 |
ta |
| 008 |
980107s1963 xr f 000 0 cze d |
| 015 |
|
|
|a cnb000441478
|
| 040 |
|
|
|a BOA001
|b cze
|
| 041 |
0 |
|
|a cze
|b eng
|b ger
|b rus
|
| 245 |
0 |
0 |
|a Filosofické problémy moderní biologie /
|c sborník uspořádal Jan Kamarýt
|
| 250 |
|
|
|a 1. vyd.
|
| 260 |
|
|
|a Praha :
|b Československá akademie věd,
|c 1963
|
| 300 |
|
|
|a 470 s., příl.
|
| 546 |
|
|
|a Anglické, německé a ruské resumé
|
| 700 |
1 |
|
|a Kamarýt, Jan,
|d 1927-2000
|7 jk01052770
|4 com
|
| 856 |
4 |
1 |
|u http://www.digitalniknihovna.cz/mzk/uuid/uuid:a0fce650-42d6-11e3-ad8c-005056827e52
|y Digitalizovaný dokument
|x NDK
|
| 910 |
|
|
|a BOA001
|b 2-0508.689
|b PK-0035.101
|
| 964 |
|
|
|a Biologie - filozofie - sborníky
|
| 990 |
|
|
|a BK
|
| 996 |
6 |
|
|b 2619047385
|c 2-0508.689
|l HP2
|r DEN
|n 1
|w 000302183
|u 000020
|a 1
|e BOA001
|j MZK50
|s P
|
| 996 |
7 |
|
|b 3119922124
|c PK-0035.101
|l MZK
|r Sklad / do 1 hodiny
|n 3
|w 000302183
|u 000010
|a 1
|e BOA001
|j MZK50
|s A
|